| 000 | 01254naa a2200313 c 4500 | ||
|---|---|---|---|
| 001 | 48700 | ||
| 999 |
_c48700 _d48700 |
||
| 003 | ES-MaCES | ||
| 005 | 20161222130701.0 | ||
| 008 | 161222s2016 sp ||||| t||||||| ||spa d | ||
| 040 |
_aES-MaCES _bspa _cES-MaCES _dES-MaCES |
||
| 100 | 1 |
_918830 _aMonereo Pérez, José Luis |
|
| 245 | 1 | 3 |
_aLa economía sumergida y su incidencia en el trabajo y en la Seguridad Social _b: la defensa internacional del trabajo decente _cJosé Luis Monereo Pérez, Salvador Perán Quesada |
| 500 | _aResumen | ||
| 504 | _aBibliografía: p. 289-292 | ||
| 650 | 4 |
_929567 _aeconomía sumergida |
|
| 650 | 4 |
_929563 _atrabajo clandestino |
|
| 650 | 4 |
_928292 _amercado de trabajo |
|
| 650 | 4 |
_929194 _asector informal |
|
| 650 | 4 |
_930732 _aevaluación del impacto |
|
| 650 | 4 |
_928327 _acondiciones de trabajo |
|
| 650 | 4 |
_927166 _alegislación del trabajo |
|
| 650 | 4 |
_929855 _alegislación de seguridad social |
|
| 650 | 4 |
_926720 _aOIT |
|
| 653 | 1 | 0 | _aEmpleo |
| 700 | 1 |
_920658 _aPerán Quesada, Salvador |
|
| 773 | 0 |
_985443 _dMurcia Laborum 2014- _o088341 _tRevista de Derecho de la Seguridad Social _w(ES-MaCES)46201 _gn. 9 (4º trim. 2016) {55/1132 R. 088341} ;p. 271-292 |
|
| 902 | _aART Artículo de revista | ||
| 942 |
_2CES _cAR _h2.0. |
||